000
00216nam a2200097Ia 4500
008
220204s9999 xx 000 0 und d
082
_a
82-3
_b
MAS
100
_a
Masters, John
245
0
_a
Trial at monomoy
942
_c
BK
999
_c
29392
_d
29392